Country Endings by Numbers Quiz Stats

 Plays Quiz Updated Feb 16, 2019

     
Support Sporcle.
Go Orange.
Score 0/45 Timer 05:00
10 Plays Today
% Correct
Pakistan
88.6%
Afghanistan
85.1%
Senegal
80.6%
Uzbekistan
80.6%
Croatia
80.5%
Turkmenistan
79.6%
Kazakhstan
79.1%
Italy
77.3%
Tajikistan
71.7%
Kyrgyzstan
71.3%
Sudan
70.3%
Germany
70.2%
Hungary
69.4%
Norway
69%
Portugal
65.5%
Albania
60.9%
Malaysia
59.1%
Uruguay
57%
Turkey
56.6%
Benin
54.9%
Paraguay
51.8%
Russia
51.8%
Indonesia
51.6%
% Correct
Romania
50.3%
Vatican City
47.9%
Lithuania
47.6%
Tunisia
47%
Estonia
46.6%
China
46%
Slovenia
44%
Argentina
43.3%
South Sudan
43%
Bosnia and Herzegovina
41.9%
Armenia
39%
Tanzania
38.4%
Jordan
37.6%
Ghana
37.2%
Spain
34.5%
North Macedonia
32.9%
Botswana
29.3%
Micronesia
28.9%
Mauritania
26.1%
Guyana
23.6%
Bahrain
19.9%
Liechtenstein
12.2%

From the Vault

Frenetic Foreign Phrases

by triviahappy

Carpe diem...seize the quiz!
Remove Ads.
Support Sporcle.
Get the best of Sporcle when you Go Orange. This ad-free experience offers more features, more stats, and more fun while also helping to support Sporcle. Thank you for becoming a member.

Show Comments

Extras

Top Quizzes Today


Score Distribution

Your Account Isn't Verified!

In order to create a playlist on Sporcle, you need to verify the email address you used during registration. Go to your Sporcle Settings to finish the process.

Report this User

Report this user for behavior that violates our Community Guidelines.

Details: